Normal view
MARC view
- Alice Stewart Trillin and Associates
Entry Personal Name
001 - CONTROL NUMBER
- control field: 106816
003 - CONTROL NUMBER IDENTIFIER
- control field: NUST
005 - DATE AND TIME OF LATEST TRANSACTION
- control field: 20230113164747.0
008 - FIXED-LENGTH DATA ELEMENTS
- fixed length control field: 230113|| aca||aabn | a|a d
040 ## - CATALOGING SOURCE
- Original cataloging agency: NUST
- Transcribing agency: NUST
100 ## - HEADING--PERSONAL NAME
- Personal name: Alice Stewart Trillin and Associates
670 ## - SOURCE DATA FOUND
- Source citation: Work cat.: (NUST)193930: Alice Stewart Trillin and Associates, Teaching basic skills in college :, c1980.
